Muerte súbita - Muerte súbita - Estadísticas

Estadísticas generales
  • Esta prueba ha sido intentada 393 veces
    371 desde el último reinicio
  • La puntuación promedio es 5 de 16
Answers on the Grid
Answers color-coded by a green-red scale on the quiz's grid according to % correct below.
Adolf Hitler
Al Pacino
Bruce Lee
Buzz Aldrin
Christopher Lee
Cleopatra
Clint Eastwood
David Attenborough
Diego Maradona
El Papa Francisco
Franz Ferdinand
Frida Kahlo
Gilda
James Dean
Jimmy Carter
John F. Kennedy
John Lennon
Julio Cesar
Kobe Bryant
La Princesa Diana
La Reina Victoria
Mahatma Gandhi
Mario Benedetti
Michael Douglas
Mick Jagger
Osama Bin Laden
Pablo Neruda
Paul McCartney
Paul Walker
Roberto Gómez Bolaños
Salvador Dalí
Simón Bolívar
 
Estadísticas de respuestas
Respuesta % Correcto
Adolf Hitler
87%
John Lennon
47%
John F. Kennedy
43%
La Princesa Diana
42%
Cleopatra
41%
Osama Bin Laden
41%
Kobe Bryant
38%
Julio Cesar
37%
Bruce Lee
33%
Paul Walker
32%
Diego Maradona
30%
James Dean
15%
Franz Ferdinand
12%
Gilda
11%
Mahatma Gandhi
10%
Roberto Gómez Bolaños
2%
No se encontraron pruebas coincidentes
Distribución de puntuación
Porcentaje de gente con cada puntuación
Porcentaje por número respondido
Historial de tus puntuaciones
No has intentado esta prueba desde el último reinicio